Lexikon technických materiálů se zahraničními ekvivalenty : Oceli. Litiny. Neželezné kovy. Květen 2003

Salvato in:
Dettagli Bibliografici
Natura: Multimedia Libro
Pubblicazione: Praha : Verlag Dashöfer, 2003
Soggetti:
Tags: Aggiungi Tag
Nessun Tag, puoi essere il primo ad aggiungerne!!

MARC

LEADER 00000npm a22000003a 4500
001 stu81065
005 20150408175352.6
008 030618s2003----xr----------------------d
040 |a STU  |b slo 
041 0
044 |a xr 
080 |a 621.002.3 
245 |a Lexikon technických materiálů se zahraničními ekvivalenty :  |b Oceli. Litiny. Neželezné kovy. Květen 2003 
260 |a Praha :  |b Verlag Dashöfer,  |c 2003 
650 7 |a materiály technické-lexikóny-CD  |2 stusub 
650 7 |a ocele  |2 stusub 
650 7 |a zliatiny  |2 stusub 
650 7 |a kovy neželezné  |2 stusub 
996 |b 284M056763  |c M*CD-354  |l MMKN  |s A  |a 24  |w stu81065_0001